Adjudication under fire (Record no. 75450)

MARC details
000 -LEADER
fixed length control field 01074cab a2200193 4500
001 - CONTROL NUMBER
control field L130097
008 - FIXED-LENGTH DATA ELEMENTS--GENERAL INFORMATION
fixed length control field 050621n2005 000 0 eng u
035 ## - SYSTEM CONTROL NUMBER
System control number (Sirsi) u130097
041 ## - LANGUAGE CODE
Language code of text/sound track or separate title eng
100 ## - MAIN ENTRY--PERSONAL NAME
Personal name Thompson, Max
245 ## - TITLE STATEMENT
Title Adjudication under fire
260 ## - PUBLICATION, DISTRIBUTION, ETC.
Date of publication, distribution, etc. 2005
490 ## - SERIES STATEMENT
Series statement QS Week
Volume/sequential designation (8) 15 June 2005, 10-11(2)
520 ## - SUMMARY, ETC.
Summary, etc. Discusses some of the problems associated with adjudication. Notes that for the majority of cases adjudication has achieved its aims but difficulties can occur with some of the processes which are open to abuse and affected by inflexible technical details. This last point can be illustrated in reference to "Pegram v Tally Wiejl (UK) Ltd" ([2003] EWCA Civ 1750, Abs67329) where the decision of the adjudication and a subsequent appeal were overturned due to there being no contract in writing.
590 ## - LOCAL NOTE (RLIN)
Local note IKA210605
650 ## - SUBJECT ADDED ENTRY--TOPICAL TERM
Topical term or geographic name entry element PEGRAM V TALLY WIEJL (UK) LTD
690 ## - LOCAL SUBJECT ADDED ENTRY--TOPICAL TERM (OCLC, RLIN)
Topical term or geographic name as entry element MANAGEMENT-DISPUTE AVOIDANCE, MANAGEMENT AND RESOLUTION-DISPUTE MANAGEMENT AND RESOLUTION-ALTERNATIVE DISPUTE RESOLUTION-ADJUDICATION
942 ## - ADDED ENTRY ELEMENTS (KOHA)
Suppress in OPAC 0
Holdings
Withdrawn status Lost status Source of classification or shelving scheme Damaged status Not for loan Home library Current library Shelving location Date acquired Total Checkouts Full call number Barcode Date last seen Copy number Price effective from Koha item type
    Dewey Decimal Classification     London London Journal article 21/06/2005   L130097 130097-1001 06/08/2019 1 06/08/2019 Journal article